| 000 | 00623nam a2200229Ia 4500 | ||
|---|---|---|---|
| 003 | OSt | ||
| 005 | 20220918212454.0 | ||
| 006 | a|||||r|||| 00| 0 | ||
| 007 | ta | ||
| 008 | 220917b |||||||| |||| 00| 0 eng d | ||
| 024 | _a128,984 | ||
| 037 | _cTextual | ||
| 040 |
_aARTS _cARTS _beng |
||
| 041 |
_2eng _aeng |
||
| 082 | _aXv54.K, J2 | ||
| 100 |
_aGrice-Hutchinson Marjorice _9123922 |
||
| 245 | 0 |
_aSchool of salamance _breadings in Spanish Monetary theory 1544-1605 |
|
| 260 | _c1952 | ||
| 650 | _aECONOMICS | ||
| 942 |
_hXv54.K, J2 _cTEXL _2CC |
||
| 999 |
_c252118 _d252118 |
||